000 01486naa a2200421 c 4500
001 31228
003 ES-MaCES
005 20150929135535.0
008 990624n1999 sp d 000 | spa d
035 _aCES19990002114v
040 _aES-MaCES
_bspa
_cES-MaCES
041 1 _aspa
_hfre
100 1 _aBéduwé, Catherine
_97366
245 1 0 _aDesarrollo de la formación y mercados de trabajo en Europa
_cC. Béduwé y J.F. Giret ; [traducción, María Jesús Sánchez Benito]
500 _aIncluye gráf.
504 _aBibliografía: p. 55-56
650 4 _aestudios prospectivos
_930347
650 4 _adatos estadísticos
_930765
650 4 _acomparación
_928892
650 4 _arelación formación empleo
_929976
650 4 _amercado de trabajo
_928292
650 4 _ainserción profesional
_929942
650 4 _acalificación profesional
_928319
650 4 _acertificación ocupacional
_929930
650 4 _adesarrollo educativo
_927370
650 4 _anivel educativo
_927448
650 4 _amano de obra
_928295
653 1 0 _aEducación
650 4 _927392
_aformación
650 4 _929020
_apaís de la UE
650 4 _926752
_aUE
700 1 _aSánchez Benito, María Jesús
_etr.
_923201
700 1 _aGiret, Jean-François
_913465
773 0 _tRevista de educación
_gn. 318 (en.-abr. 1999){10220 R. 030599}; p. 35-56
_w(ES-MaCES)25235
_944516
902 _aART Artículo de revista
942 _2CES
_cAR
_h4.0.
999 _c31228
_d31228